000 00697 a2200205 4500
005 20100215135054.0
008 100215t xxu||||| |||| 00| 0 eng d
010 _aENG-88226
020 _a8187471387
_c1295.00
035 _aEN-71759
037 _bDBAD / PUB
082 _a950.05
245 _aAsia annual 2006 /
_cedited by Suchandana Chatterjee
260 _aNew Delhi
_bStandard Publications
_c2007
270 _a225, Gupta Place, A-2/42, Rajouri Garden main Road
_bNew Delhi
_e110 027
300 _a496 p.
_c27 cm. (Hb)
700 _aChatterjee, Suchandana
942 _adpl
_cEN
_2ddc
999 _c7852
_d7852